Tvé oči smutné slow-fox /

Hlavní autor: Čuma, Alois, 1903-1966
Další autoři: Hlaváček, Jan, 1895-1966
Jazyk: Čeština
Vydáno: [Brno] : A. Čuma, [1950?]
Fyzický popis: 17 hlasů
Hudebniny Hudebniny
Uloženo v:
LEADER 00758ncm a22002292a 4500
001 001084220
003 CZ BrMZK
005 20101015122739.0
007 qu
008 100127s1950 xr |||||||||||||||||cze d
040 |a BOA001  |b cze 
072 7 |a 784  |x Vokální hudba  |2 Konspekt  |9 9 
100 1 |a Čuma, Alois,  |d 1903-1966  |7 jk01021941  |4 cmp 
245 1 0 |a Tvé oči smutné  |h [hudebnina] :  |b slow-fox /  |c intrument. Alois Čuma ; Jan Hlaváček 
260 |a [Brno] :  |b A. Čuma,  |c [1950?] 
300 |a 17 hlasů 
500 |a Rozmnoženo 
700 1 |a Hlaváček, Jan,  |d 1895-1966  |7 jx20090821020  |4 lyr 
910 |a BOA001  |b Mus2-0598.058 
990 |a MU 
991 |b 201001 
996 6 |b 2619439760  |c Mus2-0598.058  |l MZK  |r Sklad / do 1 hodiny  |n 0  |w 001106893  |u 000010  |a 1  |e BOA001  |j MZK50  |s P